000 01125nam a22003377a 4500
003 CHAP
005 20220329135724.0
008 971013s r 00010 d
010 _a41092
011 _a42064
035 _a46191
040 _cCHAP
090 _aR-2646
100 0 0 _aMuckle, T. B.
_979254
245 _aReview of the drying of cereals and legumes in the tropics
500 _aSobretiro de: Tropical Stored product inf. 22: 11-30, 1971
590 _aBATCH-UPD
_b10
_c20130110
_lUCH01
_h0003
590 _aBATCH-UPD
_b10
_c20130110
_lUCH01
_h1204
590 _aBATCH-UPD
_b10
_c20130409
_lUCH01
_h1939
590 _aBATCH-UPD
_b10
_c20130410
_lUCH01
_h0746
590 _aBATCH-UPD
_b10
_c20130914
_lUCH01
_h0913
590 _aCONVERSION
_b10
_c20130109
_lUCH01
_h1323
650 1 4 _aCereales
_xAlmacenamiento.
_921373
650 1 4 _aCereales
_xTrĂ³picos.
_921474
650 1 4 _aLeguminosas
_xAlmacenamiento.
_965809
650 1 4 _aLeguminosas
_xTrĂ³picos.
_965852
650 1 4 _aProductos almacenados
_xEfecto de la humedad.
_992039
901 _aBK
942 _cREIMP
949 _aR-2646
_bBC
_cR
_d-105276
_eTS1
_i46191
_si
999 _c41092
_d41092